000 00209nam a22000857a 4500
008 160713b xxu||||| |||| 00| 0 eng d
100 _92816
_aEgmont
245 _aPrisoners of the Sun
260 _aUSA
_bMacmillan
_c2009
999 _c2410
_d2410